| 000 | 00696nam a2200205Ii 4500 | ||
|---|---|---|---|
| 003 | JO-AjNU | ||
| 008 | 230605s9999||||xx |||||||||||||| ||und|| | ||
| 040 |
_aJO-AjNU _bara _erda _cJO-AjNU |
||
| 041 | _aara | ||
| 050 | 1 | 4 | _aBP175.T3482 2005 |
| 100 | 3 |
_aالتل، شادية أحمد, _eauthor _922016 |
|
| 245 | 0 | 0 | _aعلم النفس التربوي في الإسلام |
| 250 | _aط1 | ||
| 264 | 3 | 1 | _aعمان: دار النفائس للنشر والتوزيع، 2005 |
| 300 | _a320ص | ||
| 336 |
_atext _btxt _2rdacontent |
||
| 337 |
_aunmediated _bn _2rdamedia |
||
| 338 |
_avolume _bnc _2rdacarrier |
||
| 650 | 4 |
_aالاسلام وعلم النفس-علم النفس التربوي _922017 |
|
| 999 |
_aA7745 _c11313 _d11313 |
||